[Event "PER-ch Seniors"]
[Site "Lima"]
[Date "2018.12.29"]
[Round "5"]
[White "Pizzardo Olivares, Fernando Salvador"]
[Black "Gomez De la Torre Kusianovich, Fernando"]
[Result "1-0"]
[WhiteElo "1822"]
[BlackElo "1704"]
[PlyCount "39"]
[EventDate "2018.12.26"]
[EventType "swiss"]
[EventRounds "7"]
[EventCountry "PER"]
[SourceTitle "EXT 2021"]
[Source "ChessBase"]
[SourceDate "2020.10.23"]
[SourceVersion "1"]
[SourceVersionDate "2020.10.23"]
[SourceQuality "1"]

1. d4 d5 2. Bf4 Bf5 3. e3 e6 4. Nf3 Bd6 5. Bg3 Nf6 6. c4 c6 7. Qb3 Qa5+ 8. Nc3 Bb4 9. Nd2 Nbd7 10. Be2 0-0 11. 0-0 Ne4 12. Ndxe4 Bxe4 13. a3 Bxc3 14. bxc3 b6 15. Rfe1 Rac8 16. Bd6 dxc4 17. Bxc4 Qg5 18. g3 Rfe8 19. Be2 Bf5 20. Ba6 1-0